First certificate Star Practice book grammar and vocabulary
Đã lưu trong:
| Tác giả chính: | |
|---|---|
| Định dạng: | Sách |
| Được phát hành: |
New york
Macmillan Heinemann
1998
|
| Các nhãn: |
Thêm thẻ
Không có thẻ, Là người đầu tiên thẻ bản ghi này!
|
| Thư viện lưu trữ: | Trung tâm Học liệu Lê Vũ Hùng, Trường Đại học Đồng Tháp |
|---|
| LEADER | 00580pam a22001818a 4500 | ||
|---|---|---|---|
| 001 | 00039301 | ||
| 008 | 170518s1998 ||||||Engsd | ||
| 005 | 20171026081025.0 | ||
| 041 | 0 | # | |a Eng |
| 082 | 1 | 4 | |a 428 |b F313C |
| 100 | 1 | # | |a Luke Prodromou |
| 245 | 1 | 0 | |a First certificate Star |b Practice book grammar and vocabulary |c Luke Prodromou |
| 260 | # | # | |a New york |b Macmillan Heinemann |c 1998 |
| 300 | # | # | |a 139 tr. |c 29 cm |
| 852 | # | # | |b Kho đọc |j KD.0020202 |
| 852 | # | # | |j KD.0020202 |
| 910 | |d 18/05/2017 | ||
| 980 | # | # | |a Trung tâm Học liệu Lê Vũ Hùng, Trường Đại học Đồng Tháp |